00989nam a22002537a 4500003000200000005001700002008004100019020001800060050002200078100003600100245016200136250001200298260004400310300004100354504005100395650004000446650001300486650002700499650002100526700003500547942001200582999001900594952012200613020241122113814.0241122b xxu||||| |||| 00| 0 eng d a9780323874250 aRT 55b.Si55 2024 aSilvestri, Linda Anne,eauthor. aSaunders 2024-2025 :bclinical judgement and test-taking strategies : passing nursing school and the NCLEX exam /cLinda Anne Silvestri, Angela E. Silvestri. a8th ed. aSt. Louis, Missouri :bElsevier,c2024. axxiii, 248 p. :bcol. ill. ;c28 cm. aIncludes bibliographical references and index. aNursing examinationsvStudy guides. aNursing. aNursing carevMethods. aNursing process. aSilvestri, Angela E.,eauthor. 2lcccBK c366795d366795 00102lcc40aCLbCLcRESd2024-11-22eLibrary Fundl0oRT 55 .Si55 2024pC24052r2024-11-22 00:00:00w2024-11-22yBK